Statistiques concernant Communes du canton de Genève

Cliquez ici pour prendre le quiz!

Statistiques générales

  • Ce quiz a été pris 190 fois
  • Le résultat moyen est 30 sur 45

Statistiques - réponses

Communes% Correct
Genève
95%
Vernier
88%
Meyrin
87%
Carouge
84%
Onex
83%
Thônex
81%
Versoix
81%
Lancy
80%
Bernex
78%
Chêne-Bourg
77%
Satigny
77%
Veyrier
77%
Le Grand-Saconnex
75%
Hermance
74%
Chêne-Bougeries
73%
Cologny
73%
Dardagny
71%
Troinex
71%
Gy
70%
Plan-les-Ouates
70%
Avusy
69%
Puplinge
67%
Avully
66%
Anières
65%
Bellevue
65%
Jussy
65%
Genthod
64%
Russin
64%
Bardonnex
63%
Chancy
63%
Aire-la-ville
61%
Cartigny
60%
Collonge-Bellerive
60%
Confignon
60%
Soral
60%
Laconnex
59%
Meinier
57%
Presinge
57%
Vandoeuvres
57%
Céligny
55%
Perly-Certoux
53%
Collex-Bossy
51%
Corsier
51%
Choulex
49%
Pregny-Chambésy
42%

Distribution des résultats

Percentile par nombre de réponses

% des personnes avec chaque résultat

Votre développement - résultats

Vous n’avez pas pris ce quiz